| 000 | 00790nam a2200253Ia 4500 | ||
|---|---|---|---|
| 003 | OSt | ||
| 005 | 20221005060232.0 | ||
| 006 | a|||||r|||| 00| 0 | ||
| 007 | ta | ||
| 008 | 221004b |||||||| |||| 00| 0 eng d | ||
| 020 |
_a9780415404082 (pbk) _c2364.17 |
||
| 024 | _a87582 | ||
| 037 |
_b405, 13/03/2007, Bhartiya Sahitya Bhawan _cTextual |
||
| 040 |
_aCRL _cCRL _beng |
||
| 041 |
_2eng _aeng |
||
| 082 | _aV5.M00<-K60, P7 | ||
| 100 |
_aFitzpatrick Martin ...[et al] Ed. _9145551 |
||
| 245 | 0 | _aEnlightenment world | |
| 260 |
_aLondon _bRouteldge U. K. _c2007 |
||
| 300 |
_axxi, 714p. _ccm. |
||
| 650 | _aHISTORY | ||
| 942 |
_hV5.M00<-K60, P7 _cTEXL _2cc |
||
| 999 |
_c966390 _d966390 |
||